Statistics for Countries Larger than All Neighbours, with a Map

Click here to take the quiz!

General Stats

  • This quiz has been taken 3,162 times
  • The average score is 12 of 13

Answers on the Map

Answers color-coded by a green-red scale on the quiz's map according to % correct below.
Loading ...
 

Answer Stats

HintHint#BCountry% Correct
5775214Russia
100%
26629410Brazil
99%
143661Canada
99%
384.2167.26Algeria
97%
433267.29DR Congo
96%
482.1179.97Saudi Arabia
93%
4313656South Africa
93%
501.3152.57Iran
92%
448.5209.57Sudan
92%
635.52643Indonesia
89%
414.360.52Sweden
84%
188.2218.12Nicaragua
64%
2211971Dominican Republic
61%

Score Distribution

Percentile by Number Answered

Percent of People with Each Score

Your Score History

You have not taken this quiz